| 000 -LEADER |
| fixed length control field |
01419cam a2200337 i 4500 |
| 001 - CONTROL NUMBER |
| control field |
.b21172481 |
| 003 - CONTROL NUMBER IDENTIFIER |
| control field |
OSt |
| 005 - DATE AND TIME OF LATEST TRANSACTION |
| control field |
20230411115703.0 |
| 008 - FIXED-LENGTH DATA ELEMENTS--GENERAL INFORMATION |
| fixed length control field |
030827s2002 enka 000 f eng d |
| 020 ## - INTERNATIONAL STANDARD BOOK NUMBER |
| International Standard Book Number |
9780723247708 |
| Qualifying information |
(hbk.) |
| 040 ## - CATALOGING SOURCE |
| Original cataloging agency |
ICY |
| Transcribing agency |
ICY |
| Modifying agency |
OCLCQ |
| -- |
IHI |
| -- |
BAKER |
| -- |
YDXCP |
| -- |
OCLCG |
| -- |
AU@ |
| -- |
CVN |
| -- |
NTNU |
| -- |
KH8 |
| Description conventions |
rda |
| 042 ## - AUTHENTICATION CODE |
| Authentication code |
nbic |
| 082 0# - DEWEY DECIMAL CLASSIFICATION NUMBER |
| Classification number |
823.912 POT |
| 100 1# - MAIN ENTRY--PERSONAL NAME |
| Personal name |
Potter, Beatrix, |
| Dates associated with a name |
1866-1943. |
| Relator term |
author |
| 245 14 - TITLE STATEMENT |
| Title |
The tale of Peter Rabbit / |
| Statement of responsibility, etc. |
by Beatrix Potter. |
| 250 ## - EDITION STATEMENT |
| Edition statement |
Original and authorized ed. |
| 264 #1 - PRODUCTION, PUBLICATION, DISTRIBUTION, MANUFACTURE, AND COPYRIGHT NOTICE |
| Place of production, publication, distribution, manufacture |
London ; |
| -- |
New York : |
| Name of producer, publisher, distributor, manufacturer |
Frederick Warne/Penguin Group, |
| Date of production, publication, distribution, manufacture, or copyright notice |
2002. |
| 264 #4 - PRODUCTION, PUBLICATION, DISTRIBUTION, MANUFACTURE, AND COPYRIGHT NOTICE |
| Date of production, publication, distribution, manufacture, or copyright notice |
©2002. |
| 300 ## - PHYSICAL DESCRIPTION |
| Extent |
69 pages : |
| Other physical details |
color illustrations ; |
| Dimensions |
15 cm. |
| 336 ## - CONTENT TYPE |
| Content type term |
text |
| Content type code |
txt |
| Source |
rdacontent. |
| 337 ## - MEDIA TYPE |
| Media type term |
unmediated |
| Media type code |
n |
| Source |
rdamedia. |
| 338 ## - CARRIER TYPE |
| Carrier type term |
volume |
| Carrier type code |
nc |
| Source |
rdacarrier. |
| 490 1# - SERIES STATEMENT |
| Series statement |
The original Peter Rabbit books ; |
| Volume/sequential designation |
1. |
| 500 ## - GENERAL NOTE |
| General note |
"The World of Beatrix Potter, Peter Rabbit"--P. [4] of cover. |
| 500 ## - GENERAL NOTE |
| General note |
Originally published by Frederick Warne in 1902. This edition published with reset text and new reproductions of Beatrix Potter's illustrations. |
| 520 ## - SUMMARY, ETC. |
| Summary, etc. |
Naughty Peter Rabbit disobeys his mother by going into Mr. McGregor's garden and almost gets caught. |
| 650 #0 - SUBJECT ADDED ENTRY--TOPICAL TERM |
| Topical term or geographic name entry element |
Peter Rabbit (Fictitious character) |
| Form subdivision |
Pictorial works |
| -- |
Juvenile fiction. |
| 650 #0 - SUBJECT ADDED ENTRY--TOPICAL TERM |
| Topical term or geographic name entry element |
Rabbits |
| Form subdivision |
Fiction. |
| 800 1# - SERIES ADDED ENTRY--PERSONAL NAME |
| Personal name |
Potter, Beatrix, |
| Dates associated with a name |
1866-1943. |
| Title of a work |
Original Peter Rabbit books ; |
| Volume/sequential designation |
1. |
| 942 ## - ADDED ENTRY ELEMENTS (KOHA) |
| Source of classification or shelving scheme |
|
| Koha item type |
Books |